02587cam a22004338i 450000100090000000300090000900500170001800800410003502000180007602000150009403500130010904000380012208200190016010000350017924501030021425000180031726400400033530000500037533600260042533700280045133800270047950000240050650400520053052009290058252100300151165000350154165000330157665000360160965000370164565300250168265500170170770000330172470000280175777601350178590600450192094200120196599900170197795201590199423947580EG-ScBUE20260216095507.0241210s2025 nyua f bd 001 0 eng d z9781265133092 z1265133093 a23947580 aDLCbengerdacDLCdDLCdEG-ScBUE04a158.7222bLAM1 aLamberton, Lowell H.,eauthor.10aHuman relations :bstrategies for success /cLowell H. Lamberton, Leslie Minor, Demitrius Zeigler. a2025 release. 1aNew York, NY :bMcGraw Hill,c2025. axx, 620 pages :bcolor illustrations ;c30 cm atextbtxt2rdacontent aunmediatedbn2rdamedia avolumebnc2rdacarrier aIncludes glossary.  aIncludes bibliographical references and index.  a"Throughout our years of teaching, administration, running small businesses, and consulting in the fields of social science and organizational behavior, we have become increasingly aware of the need for a textbook that is down to earth, experience based, and grounded in sound research and theory. We believe strongly in the importance of understanding the relationship between self-awareness and human relations, and, by extension, the relationship between human relations skills and ongoing career success. We encourage building self-awareness, growth, and success skills inside the context of the real world. What realistic strategies and techniques can we teach our students to encourage their growth in human relations success, on and off the job site? How can students tap into the power that comes from working well in one-on-one situations, in groups, and in organizations large and small?"--cProvided by publisher. aAges 18+bMcGraw Hill LLC 7aPsychology, Industrial.2BUEsh 7aPersonnel management.2BUEsh 7aInterpersonal relations.2BUEsh 7aGroup relations training.2BUEsh cFebruary2026bBUSADM vReading book1 aZeigler, Demitrius,eauthor.1 aMinor, Leslie,eauthor.08iOnline version:aMinor, Leslie.tHuman relationsb2025 release.dNew York, NY : McGraw Hill, 2025z9781266192838w(DLC) 2024056750 a7bcbccorignewd1eecipf20gy-gencatlg 2ddccBB c31132d31103 00102ddc40708AlahramaMAINbMAINcLOWd2026-02-16ePurchaseg2700.00h2026/A/55l0o158.7 LAMp000057540r2026-02-16 00:00:00v3375.00w2026-02-16yBB